La Edad Moderna. Manual de Historia Universal.

Saved in:
Bibliographic Details
Main Author: Bravo Lira, Bernardino (autor)
Format: Book
Language:English
Published: Santiago, Chile: Academia Superior de Ciencias Pedagógicas de Santiago, 1983.
Subjects:
Tags: Add Tag
No Tags, Be the first to tag this record!

MARC

LEADER 00000nam a22000007a 4500
003 CL-VaPUC
005 20220822114739.0
008 220728t1983 ||||| |||| 00| 0 eng d
999 |c 437698  |d 437696 
040 |c Pontificia Universidad Católica de Valparaíso 
082 |2 22  |a 909.08 BRA 1983  
100 |9 295619  |a Bravo Lira, Bernardino  |e autor 
245 |a La Edad Moderna.   |b Manual de Historia Universal.  
260 |a Santiago, Chile:   |b Academia Superior de Ciencias Pedagógicas de Santiago,   |c 1983. 
300 |a Tomo II. 
500 |a c.1 Tomo II: Donación Familia Prof. Alejandro Guzmán Brito. 
583 |c 20220728  |k Yessy Sthefany Diaz Vidal 
650 0 |9 350383  |a Edad moderna  |x Historia  
650 0 |9 266877  |a Historia universal  |x Edad moderna  
650 0 |a Historia moderna  |9 268036 
942 |2 ddc  |c BK  |n 0 
952 |0 0  |1 0  |2 ddc  |4 0  |6 909_080000000000000_BRA_1983  |7 0  |8 C_AGB  |9 585488  |a BIBDER  |b BIBDER  |d 2022-07-28  |e Donación   |h t.II  |i 5653406  |o 909.08 BRA 1983  |p 5653406  |r 2023-01-25  |t 1  |w 2022-07-28  |y BK_US  |k AGB